[Event "NED-ch U13"]
[Site "Rijswijk"]
[Date "2007.05.19"]
[Round "7"]
[White "Kustura, Admira"]
[Black "Verhoog, Rick"]
[Result "1/2-1/2"]
[WhiteElo "1535"]
[BlackElo "1559"]
[PlyCount "132"]
[EventDate "2007.05.17"]
[EventType "swiss"]
[EventRounds "9"]
[EventCountry "NED"]
[SourceTitle "EXT 2009"]
[Source "ChessBase"]
[SourceDate "2008.11.26"]
[SourceVersion "1"]
[SourceVersionDate "2008.11.26"]
[SourceQuality "1"]

1. d4 f5 2. c4 e6 3. Nc3 Nf6 4. Nf3 d6 5. e3 Nbd7 6. Be2 Be7 7. 0-0 0-0 8. b3 b6 9. Bb2 Bb7 10. Ng5 Qc8 11. Nxe6 Re8 12. Nb5 c6 13. Nbc7 Nf8 14. Nxe8 Nxe6 15. Nxf6+ Bxf6 16. Rb1 d5 17. cxd5 cxd5 18. Rc1 Qe8 19. Qd2 Qg6 20. Bd3 Ng5 21. f4 Ne4 22. Bxe4 fxe4 23. Rc3 Bc8 24. Rfc1 Bg4 25. Rc7 Bd8 26. R7c3 Be7 27. R3c2 Bd6 28. Qf2 Be7 29. Bc3 h5 30. Bd2 h4 31. Rc6 Bf6 32. Qxh4 Qf5 33. Qf2 Qh5 34. Rxf6 gxf6 35. h3 Bf5 36. g4 Qg6 37. Qg2 Bd7 38. Rc7 Bb5 39. h4 Rf8 40. h5 Qh6 41. Rxa7 Rf7 42. Rxf7 Kxf7 43. Bb4 f5 44. gxf5 Qxh5 45. Qg6+ Qxg6+ 46. fxg6+ Kxg6 47. a4 Bd3 48. a5 bxa5 49. Bxa5 Kf5 50. Kf2 Kg4 51. b4 Bb5 52. Bc7 Ba6 53. Ke1 Kf5 54. Kd2 Kg4 55. Ke1 Bb5 56. Kf2 Ba6 57. Kg2 Bb5 58. f5 Kxf5 59. Kg3 Ke6 60. Kf4 Kd7 61. Bb8 Kc6 62. Ke5 Bc4 63. Bd6 Kb5 64. Ke6 Ba2 65. Kd7 Bc4 66. Kc7 Ba2 1/2-1/2

[Event "NED-ch U13"]
[Site "Rijswijk"]
[Date "2006.05.27"]
[Round "9"]
[White "Goedegebuur, Richard"]
[Black "Kustura, Admira"]
[Result "0-1"]
[WhiteElo "1563"]
[BlackElo "1483"]
[PlyCount "90"]
[EventDate "2006.05.25"]
[EventType "swiss"]
[EventRounds "9"]
[EventCountry "NED"]
[SourceTitle "EXT 2009"]
[Source "ChessBase"]
[SourceDate "2008.11.26"]
[SourceVersion "1"]
[SourceVersionDate "2008.11.26"]
[SourceQuality "1"]

1. e4 e6 2. d4 d5 3. exd5 exd5 4. Be2 Nf6 5. Bg5 Be7 6. Nf3 0-0 7. Nc3 Bg4 8. 0-0 c6 9. Re1 Nbd7 10. a3 Qc7 11. h3 Bh5 12. Ne5 Bxe2 13. Qxe2 Rfe8 14. Nxd7 Qxd7 15. Bxf6 Bxf6 16. Qd3 Rxe1+ 17. Rxe1 Re8 18. Rxe8+ Qxe8 19. Qe2 Kf8 20. Qxe8+ Kxe8 21. Ne2 Kd7 22. Kf1 c5 23. c3 Kd6 24. Ke1 Kc6 25. dxc5 Kxc5 26. b3 b5 27. Kd2 d4 28. cxd4+ Bxd4 29. f3 Bb2 30. Nf4 Bxa3 31. Nh5 Bb2 32. Nf4 Bf6 33. Nd3+ Kd6 34. Ke3 a5 35. Kd2 a4 36. bxa4 bxa4 37. Kc2 a3 38. Kb3 Bb2 39. Nf2 Ke5 40. Ne4 Kf4 41. h4 h6 42. Nd6 Kg3 43. Nxf7 Kxh4 44. g4 Kg3 45. g5 h5 0-1

[Event "NED-ch U13"]
[Site "Rijswijk"]
[Date "2006.05.26"]
[Round "6"]
[White "Kirana, Marco"]
[Black "Kustura, Admira"]
[Result "1-0"]
[WhiteElo "1762"]
[BlackElo "1483"]
[PlyCount "33"]
[EventDate "2006.05.25"]
[EventType "swiss"]
[EventRounds "9"]
[EventCountry "NED"]
[SourceTitle "EXT 2009"]
[Source "ChessBase"]
[SourceDate "2008.11.26"]
[SourceVersion "1"]
[SourceVersionDate "2008.11.26"]
[SourceQuality "1"]

1. e4 e6 2. d4 d5 3. exd5 exd5 4. c4 Nf6 5. Nc3 c6 6. Nf3 Bg4 7. Be2 Be7 8. 0-0 0-0 9. Be3 Nbd7 10. Qb3 dxc4 11. Qxc4 Nb6 12. Qd3 Nfd5 13. Nxd5 Nxd5 14. a3 Bd6 15. Ng5 f5 16. Bxg4 h6 17. Ne6 1-0

[Event "NED-ch U13"]
[Site "Rijswijk"]
[Date "2006.05.25"]
[Round "3"]
[White "Kustura, Admira"]
[Black "Van Lit, Mats"]
[Result "1-0"]
[WhiteElo "1483"]
[BlackElo "1393"]
[PlyCount "123"]
[EventDate "2006.05.25"]
[EventType "swiss"]
[EventRounds "9"]
[EventCountry "NED"]
[SourceTitle "EXT 2009"]
[Source "ChessBase"]
[SourceDate "2008.11.26"]
[SourceVersion "1"]
[SourceVersionDate "2008.11.26"]
[SourceQuality "1"]

1. e4 e5 2. Nf3 Nc6 3. Bb5 Bc5 4. 0-0 d6 5. d3 Bg4 6. Be3 Bb6 7. h3 Bh5 8. c3 Nge7 9. d4 exd4 10. cxd4 a6 11. Ba4 0-0 12. d5 Ne5 13. Nbd2 Ba5 14. Kh2 Bxd2 15. Bxd2 c6 16. dxc6 N7xc6 17. Bf4 Bxf3 18. gxf3 b5 19. Bb3 Qe7 20. Rg1 Nd4 21. Rg3 Ne6 22. Bh6 Ng6 23. Be3 Rfd8 24. Rc1 Rac8 25. Rg1 Nef4 26. Qd2 Qd7 27. Bxf4 Nh4 28. Qe3 Rxc1 29. Rxc1 Rc8 30. Bg3 Nxf3+ 31. Kg2 Rxc1 32. Qxc1 Ne5 33. Qd1 Nc4 34. Bxc4 bxc4 35. Qxd6 Qxd6 36. Bxd6 f6 37. Kf3 Kf7 38. Ke3 Ke6 39. Bb4 Ke5 40. f4+ Ke6 41. Kd4 f5 42. e5 h6 43. Kxc4 g5 44. Bd2 g4 45. hxg4 fxg4 46. Be1 Kf5 47. Bg3 h5 48. Kd4 Kg6 49. Ke4 Kg7 50. Kf5 Kf7 51. e6+ Ke7 52. Bh4+ Ke8 53. Kf6 Kf8 54. e7+ Ke8 55. b4 g3 56. Bxg3 h4 57. Bxh4 a5 58. bxa5 Kd7 59. Kf7 Kd6 60. e8Q Kd5 61. Qe5+ Kc4 62. a6 1-0

[Event "NED-ch U13 Girls"]
[Site "Rijswijk"]
[Date "2005.05.07"]
[Round "8"]
[White "Kustura, Admira"]
[Black "Schuttel, Kirsten"]
[Result "0-1"]
[WhiteElo "1066"]
[BlackElo "1280"]
[PlyCount "62"]
[EventDate "2005.05.05"]
[EventType "swiss"]
[EventRounds "9"]
[EventCountry "NED"]
[SourceTitle "EXT 2013"]
[Source "ChessBase"]
[SourceDate "2012.11.22"]
[SourceVersion "1"]
[SourceVersionDate "2012.11.22"]
[SourceQuality "1"]

1. e4 e5 2. Nf3 Nc6 3. Bc4 Be7 4. 0-0 Nf6 5. c3 Nxe4 6. Nxe5 Nxe5 7. Re1 Nxc4 8. Rxe4 Nd6 9. Re2 0-0 10. d4 Bg5 11. Bxg5 Qxg5 12. Qd2 Qxd2 13. Nxd2 b6 14. Rae1 Ba6 15. Re3 Rfe8 16. Rxe8+ Rxe8 17. Rc1 Nc4 18. Nxc4 Bxc4 19. h3 Bxa2 20. Ra1 Be6 21. Rxa7 c5 22. dxc5 bxc5 23. b4 cxb4 24. cxb4 Rb8 25. Rc7 d5 26. b5 Rxb5 27. Re7 h6 28. Re8+ Kh7 29. Ra8 Rb4 30. Ra1 Rd4 31. Re1 Rd2 0-1

[Event "NED-ch U13 Girls"]
[Site "Rijswijk"]
[Date "2005.05.06"]
[Round "6"]
[White "Kustura, Admira"]
[Black "Kirana, Nancy"]
[Result "0-1"]
[WhiteElo "1066"]
[BlackElo "1336"]
[PlyCount "130"]
[EventDate "2005.05.05"]
[EventType "swiss"]
[EventRounds "9"]
[EventCountry "NED"]
[SourceTitle "EXT 2013"]
[Source "ChessBase"]
[SourceDate "2012.11.22"]
[SourceVersion "1"]
[SourceVersionDate "2012.11.22"]
[SourceQuality "1"]

1. e4 e5 2. Nf3 Nc6 3. Bb5 Nf6 4. d3 Bc5 5. 0-0 d6 6. Bg5 h6 7. Bh4 Be6 8. Nbd2 0-0 9. Re1 a6 10. Ba4 Re8 11. c3 b5 12. Bb3 Bxb3 13. axb3 Qe7 14. b4 Bb6 15. Kh1 Qe6 16. Qb3 Qxb3 17. Nxb3 Nh7 18. d4 exd4 19. cxd4 Nxb4 20. Rad1 Rf8 21. Bg3 f5 22. Nh4 fxe4 23. Rxe4 Ng5 24. Rg4 Rfe8 25. h3 Re2 26. f3 Rxb2 27. Na1 Nd5 28. Bf4 Nxf4 29. Rxf4 Ne6 30. Re4 Ng5 31. Rg4 Re8 32. Nf5 Rbe2 33. Nb3 a5 34. Nd2 Rf8 35. Ng3 Ree8 36. h4 Ne6 37. Ndf1 Bxd4 38. Rgxd4 Nxd4 39. Rxd4 a4 40. Rb4 c6 41. Nd2 Ra8 42. Nge4 a3 43. Rb1 d5 44. Nc5 Rfe8 45. Ndb3 Re2 46. Kg1 a2 47. Ra1 Rb2 48. g4 Rb1+ 49. Rxb1 axb1Q+ 50. Kf2 Ra2+ 51. Ke3 Qe1+ 52. Kd3 Ra3 53. Kd4 Qb4+ 54. Ke5 Rxb3 55. Nxb3 Qxb3 56. g5 Qxf3 57. gxh6 gxh6 58. h5 b4 59. Kd6 b3 60. Kxc6 b2 61. Kd6 b1Q 62. Kc5 Qc3+ 63. Kd6 Qb6+ 64. Kd7 Qcc7+ 65. Ke8 Qbb8# 0-1

[Event "NED-ch U13 Girls"]
[Site "Rijswijk"]
[Date "2005.05.05"]
[Round "1"]
[White "Kustura, Admira"]
[Black "Snikkers, Naomi"]
[Result "0-1"]
[WhiteElo "1066"]
[BlackElo "1538"]
[PlyCount "60"]
[EventDate "2005.05.05"]
[EventType "swiss"]
[EventRounds "9"]
[EventCountry "NED"]
[SourceTitle "EXT 2013"]
[Source "ChessBase"]
[SourceDate "2012.11.22"]
[SourceVersion "1"]
[SourceVersionDate "2012.11.22"]
[SourceQuality "1"]

1. e4 c5 2. Nf3 d6 3. d4 cxd4 4. Nxd4 Nf6 5. Bg5 Nxe4 6. Be3 g6 7. g3 Bg7 8. Bg2 Nc5 9. 0-0 0-0 10. Nc3 Nbd7 11. Qd2 Re8 12. Rfe1 Ne5 13. b3 Ng4 14. Rad1 Nxe3 15. Qxe3 Bg4 16. Rd2 Rb8 17. f3 Bd7 18. b4 Ne6 19. Nxe6 Bxe6 20. f4 a6 21. Bf3 Qc7 22. Nd5 Bxd5 23. Bxd5 Bc3 24. Rdd1 Bxe1 25. Rxe1 Qxc2 26. Re2 Qd1+ 27. Re1 Qxd5 28. Qe4 Qxe4 29. Rxe4 Rbc8 30. Re2 Rc4 0-1